| 000 | 01445cam a22003735a 4500 | ||
|---|---|---|---|
| 001 | 13402012 | ||
| 005 | 20160110110116.0 | ||
| 007 | ad aazb| | ||
| 008 | 030606t2003 gw a frb 001 0 eng d | ||
| 020 | _a9783135624044 | ||
| 020 | _a3135624044 | ||
| 040 |
_aDLC _beng _cDLC _dDLC _dEG-ScBUE _dEG-ScBUE |
||
| 041 | 1 |
_aeng _hger |
|
| 082 | 0 | 4 |
_a611.0180222 _bKUE _222 |
| 100 | 1 |
_aKühnel, Wolfgang, _d1934- _938968 |
|
| 240 | 1 | 0 |
_aTaschenatlas der Zytologie, Histologie, und mikroskopischen Anatomie. _lEnglish |
| 245 | 1 | 0 |
_aColor atlas of cytology, histology, and microscopic anatomy / _cWolfgang Kühnel ; [translated by Ursula Peter-Czichi] |
| 246 | 3 | 0 | _aCytology, histology, and microscopic anatomy |
| 250 | _a4th ed., rev. and enlarged ed. | ||
| 260 |
_aStuttgart ; _aNew York : _bGeorg Thieme Verlag, _cc.2003. |
||
| 300 |
_aix, 534 p. : _bill. (chiefly col.) ; _c19 cm. |
||
| 490 | 0 | _aThieme flexibook | |
| 500 | _aIndex : p. 519-534. | ||
| 500 | _aThis book authorized translation of the 11th German ed. ... 2002"--T. p. verso. | ||
| 504 | _aIncludes bibliographical references. | ||
| 546 | _aText in English ; translated from original German. | ||
| 650 | 0 |
_aHistology _vAtlases. _2BUEsh _930952 |
|
| 650 | 0 |
_aCytology _vAtlases. _2BUEsh |
|
| 650 | 0 |
_aCells _xultrastructure _vAtlases. _2BUEsh |
|
| 651 | _2BUEsh | ||
| 653 |
_bPPhrm _cJuly2015 _cJanuary2016 |
||
| 700 | 1 |
_aPeter-Czichi, Ursula, _etranslator. |
|
| 942 | _2ddc | ||
| 999 |
_c20142 _d20114 |
||